000 01854nam a22004454a 4500
001 ebr10271388
003 CaPaEBR
006 m u
007 cr cn|||||||||
008 060628s2006 enka sb 001 0 eng
010 _z 2006021303
015 _aGBA647579
_2bnb
016 7 _z013469795
_2Uk
020 _z0199296634 (alk. paper)
020 _z9780199296637 (alk. paper)
040 _aCaPaEBR
_cCaPaEBR
035 _a(OCoLC)99800768
043 _af-sa---
050 1 4 _aDT1756
_b.D83 2006eb
082 0 4 _a305.83/936
_222
100 1 _aDubow, Saul.
245 1 2 _aA commonwealth of knowledge
_h[electronic resource] :
_bscience, sensibility, and white South Africa, 1820-2000 /
_cSaul Dubow.
260 _aOxford ;
_aNew York :
_bOxford University Press,
_c2006.
300 _aviii, 296 p. :
_bill.
504 _aIncludes bibliographical references (p. [279]-290) and index.
533 _aElectronic reproduction.
_bPalo Alto, Calif. :
_cebrary,
_d2013.
_nAvailable via World Wide Web.
_nAccess may be limited to ebrary affiliated libraries.
650 0 _aWhites
_xRace identity
_zSouth Africa.
650 0 _aNational characteristics, South African.
650 0 _aNationalism
_zSouth Africa
_xHistory.
650 0 _aPower (Social sciences)
_zSouth Africa
_xHistory.
650 0 _aScience
_xSocial aspects
_zSouth Africa
_xHistory.
650 0 _aScience
_xPolitical aspects
_zSouth Africa
_xHistory.
651 0 _aSouth Africa
_xRace relations.
651 0 _aSouth Africa
_xPolitics and government
_y19th century.
651 0 _aSouth Africa
_xPolitics and government
_y20th century.
651 0 _aSouth Africa
_xIntellectual life.
655 7 _aElectronic books.
_2local
710 2 _aebrary, Inc.
856 4 0 _uhttp://site.ebrary.com/lib/rucke/Doc?id=10271388
_zAn electronic book accessible through the World Wide Web; click to view
999 _c7269
_d7269